000 00442nam a2200157Ia 4500
003 GCL
008 140319s9999 xx 000 0 eng d
040 _aGCL /
_cGCL
082 0 4 _a792.01
_bB S
100 1 _aBULL, JOHN
245 1 0 _aSTAGE RIGHT : CRISIS AND RECOVERY IN BRITISH CONTEMPOARY MAINSTREAM THEATRE /
_cBULL, JOHN
260 _a[S.N] :
_bMACMILLAN ،
_c1994
300 _a251 P P
650 0 4 _aENGLAND - THEATER
942 _2ddc
_cBK
999 _c11803
_d11803